Ateneo Sabadellés
Descripción Física:
[4] p. ; 27 cm
Materias:
Ateneu Sabadellenc -- Currículums
MARC
| LEADER | 00000nam a2200000Ia 4500 | ||
|---|---|---|---|
| 001 | 19870 | ||
| 003 | BGR | ||
| 005 | 20260324180150.0 | ||
| 008 | 160829s1895 xx 000 0 cat d | ||
| 080 | |a 1948, exp. 18 | ||
| 110 | 2 | |a Ateneu Sabadellenc |9 70557 | |
| 245 | |a Ateneo Sabadellés | ||
| 260 | |a Sabadell : |b Imp. Ribera, |c 1895 | ||
| 300 | |a [4] p. ; |c 27 cm | ||
| 590 | |a Inclou el programa del curs 1895 - 1896 | ||
| 650 | |a Ateneu Sabadellenc |x Currículums |9 48294 | ||
| 901 | |a Arxiu | ||
| 942 | |n 1 |2 udc |c MON | ||
| 952 | |0 0 |1 0 |4 0 |6 1948_EXP_18 |7 1 |9 54451 |a Arxiu |b Arxiu |d 2016-12-01 |l 0 |o 1948, exp. 18 |p 19870 |r 2016-12-01 00:00:00 |w 2016-12-01 |y ARXIU | ||
| 999 | |c 58320 |d 58320 | ||